Fastest Test Batsmen to Reach 5000 Runs - Statistics

General Stats
  • This quiz has been taken 15 times
  • The average score is 8 of 16
Answer Stats
Innings v Opposition Ground Team Batsman % Correct
103 Pakistan Kolkota India SR Tendulkar
100%
104 Australia Kingston West Indies BC Lara
93%
56 England Leeds Australia DG Bradman
93%
97 India Ranchi Australia SPD Smith
93%
105 Sri Lanka Delhi India V Kohli
73%
105 South Africa Manchester England JE Root
67%
95 England Leeds West Indies GS Sobers
60%
95 England Birmingham West Indies IVA Richards
60%
95 Sri Lanka Cairns Australia ML Hayden
47%
99 Sri Lanka Galle India V Sehwag
47%
98 South Africa Leeds England L Hutton
33%
97 Australia Sydney England WR Hammond
33%
91 Australia Melbourne England JB Hobbs
27%
97 South Africa London (The Oval) South Africa KF Barrington
7%
105 India Delhi Australia RN Harvey
7%
95 Australia Bengaluru India SM Gavaskar
0%
No matching quizzes found
Score Distribution
Percent of People with Each Score
Percentile by Number Answered
Your Score History
You have not taken this quiz